000
00312 a2200109 4500
001
ART_59873
005
20260410161636.0
008
260409a
245
1
0
_a
Cómo fijar precios de venta con efectividad
100
1
_a
Smolje, Alejandro R.
773
0
_t
Enfoques
_g
- N° 11 (nov. 2023)
_w
REV416
999
_c
12915
_d
12915